A Connecticut Yankee in King Arthur's Court /
Đã lưu trong:
| 主要作者: | |
|---|---|
| 格式: | Sách giấy |
| 语言: | English |
| 出版: |
Mahwah, N.J. :
Watermill Press,
1980.
|
| 主题: | |
| 标签: |
添加标签
没有标签, 成为第一个标记此记录!
|
| Thư viện lưu trữ: | Thư viện Trường Đại học Đà Lạt |
|---|
| LEADER | 00701nam a2200301 4500 | ||
|---|---|---|---|
| 001 | DLU110120839 | ||
| 005 | ##20110506 | ||
| 040 | # | # | |a DLU |b vie |
| 041 | # | # | |a eng |
| 044 | # | # | |a vn |
| 082 | # | # | |a 813 |b TW-M |
| 100 | # | # | |a Twain, Mark. |
| 245 | # | # | |a A Connecticut Yankee in King Arthur's Court / |c Mark Twain. |
| 260 | # | # | |a Mahwah, N.J. : |b Watermill Press, |c 1980. |
| 300 | # | # | |a 493 p. ; |c 18 cm. |
| 653 | # | # | |a American fiction |
| 653 | # | # | |a American literature |
| 923 | # | # | |a 01/2011NN |
| 991 | # | # | |a SH |
| 992 | # | # | |a 0 |
| 994 | # | # | |a KNN |
| 900 | # | # | |a True |
| 911 | # | # | |a Nguyễn Thanh Hương |
| 925 | # | # | |a G |
| 926 | # | # | |a A |
| 927 | # | # | |a SH |
| 980 | # | # | |a Thư viện Trường Đại học Đà Lạt |